000 00299nam a2200121Ia 4500
008 190216s9999||||xx |||||||||||||| ||und||
100 _aJanardhanan Pillay .cp
245 0 _aAlgebra Trigonometry And Calculus
260 _bAjith Book Center
300 _a102p
650 _aMathematics
942 _cBK
999 _c30699
_d30699